| 000 | 00708nam a2200289 a 4500 | ||
|---|---|---|---|
| 003 | AR-BaBNM | ||
| 005 | 20251128204057.0 | ||
| 008 | 082120s2002 ||||||||||||||000 | spa|| | ||
| 040 | _cAR-BaBNM | ||
| 100 | 1 | _aSartre, Jean-Paul | |
| 245 | 0 | 0 | _aBaudelaire |
| 250 | _a3ª ed. | ||
| 260 |
_aBuenos Aires _bLosada _c1968 |
||
| 300 | _a160 p. | ||
| 490 | 0 | _aBiblioteca de estudios literarios | |
| 650 | 4 | _aBIOGRAFIAS | |
| 650 | 4 | _aHISTORIA LITERARIA | |
| 650 | 4 | _aLITERATURA | |
| 650 | 4 | _aHISTORIA MODERNA | |
| 650 | 4 | _aHISTORIA DE LAS IDEAS | |
| 650 | 4 | _aFILOSOFIA | |
| 651 | 4 | _aFrancia | |
| 655 | _aBIOGRAFIAS | ||
| 700 | 1 |
_aBernárdez, Aurora _etraductor |
|
| 942 | _cBK | ||
| 998 | _cEnrique | ||
| 999 |
_c6071 _d6071 |
||